[Event "Nikaia op 10th"]
[Site "Nikaia"]
[Date "2002.08.26"]
[Round "8"]
[White "Tassopoulos, Marios"]
[Black "Babaniotis, Evangelos"]
[Result "1-0"]
[WhiteElo "2240"]
[BlackElo "2074"]
[PlyCount "163"]
[EventDate "2002.08.19"]
[EventType "swiss"]
[EventRounds "9"]
[EventCountry "GRE"]
[SourceTitle "CBM 089 Extra"]
[Source "ChessBase"]
[SourceDate "2002.09.10"]
[SourceVersion "2"]
[SourceVersionDate "2002.09.10"]
[SourceQuality "1"]

1. e4 d5 2. exd5 Qxd5 3. Nc3 Qd6 4. d4 Nf6 5. Nf3 Bf5 6. Ne5 c6 7. Bc4 e6 8. g4 Bg6 9. h4 Nbd7 10. Nxd7 Qxd7 11. h5 Be4 12. 0-0 h6 13. Nxe4 Nxe4 14. c3 Bd6 15. Qe2 Nf6 16. Rd1 0-0-0 17. b4 Nd5 18. Qf3 Rdg8 19. Kf1 g6 20. a4 gxh5 21. gxh5 f5 22. Bxd5 cxd5 23. Ke2 Rg4 24. Kd3 Qf7 25. Rh1 Qc7 26. Be3 Qc4+ 27. Kd2 Re4 28. Kc2 Bxb4 29. Bd2 Bd6 30. Qd3 Bf4 31. Qxc4+ dxc4 32. Rae1 Rxe1 33. Rxe1 Bxd2 34. Kxd2 Kd7 35. Rg1 Rh7 36. Rg8 Ke7 37. Ke3 Kf7 38. Rg6 Ke7 39. d5 exd5 40. Kd4 Kf8 41. Kxd5 Rc7 42. Rxh6 Kg7 43. Rg6+ Kf7 44. f3 Rc8 45. Rd6 Rc7 46. f4 Kg7 47. Ke5 b6 48. Kxf5 Rc5+ 49. Ke6 Rxh5 50. Rd7+ Kh6 51. Rxa7 Rh3 52. Rb7 Rxc3 53. Rxb6 Rb3 54. Rc6 c3 55. Kf5+ Kh7 56. Kg5 Ra3 57. Rc7+ Kg8 58. Kg6 Kf8 59. Rc8+ Ke7 60. f5 Rxa4 61. f6+ Ke6 62. Rc6+ Ke5 63. Rxc3 Rg4+ 64. Kf7 Rf4 65. Re3+ Kf5 66. Ke7 Kg6 67. Rg3+ Kh7 68. Rg1 Rf2 69. Kf7 Kh6 70. Rh1+ Kg5 71. Kg7 Rxf6 72. Rg1+ Kf5 73. Rf1+ Ke5 74. Rxf6 Kd5 75. Kf7 Kc5 76. Re6 Kb5 77. Rd6 Kc5 78. Ke6 Kb5 79. Kd5 Ka5 80. Kc5 Ka4 81. Rd3 Ka5 82. Ra3# 1-0

[Event "Nikaia op 10th"]
[Site "Nikaia"]
[Date "2002.08.21"]
[Round "3"]
[White "Dimitriou, Georgios"]
[Black "Babaniotis, Evangelos"]
[Result "0-1"]
[WhiteElo "2249"]
[BlackElo "2074"]
[PlyCount "78"]
[EventDate "2002.08.19"]
[EventType "swiss"]
[EventRounds "9"]
[EventCountry "GRE"]
[SourceTitle "CBM 089 Extra"]
[Source "ChessBase"]
[SourceDate "2002.09.10"]
[SourceVersion "2"]
[SourceVersionDate "2002.09.10"]
[SourceQuality "1"]

1. Nf3 Nf6 2. d4 d5 3. c4 c6 4. e3 Bf5 5. Nc3 e6 6. Be2 h6 7. 0-0 Be7 8. c5 b6 9. b4 a5 10. Na4 Nfd7 11. Ba3 axb4 12. Bxb4 0-0 13. a3 bxc5 14. Nxc5 Nxc5 15. dxc5 Qc7 16. Nd4 Bg6 17. Bd3 Bxd3 18. Qxd3 Na6 19. Rfc1 Rfb8 20. Rab1 e5 21. Nf5 Bf8 22. e4 d4 23. h4 g6 24. Ng3 Rb5 25. h5 Kh7 26. f4 exf4 27. Ne2 Rd8 28. hxg6+ fxg6 29. Nxd4 Qd7 30. Rd1 Bxc5 31. Bc3 Bxd4+ 32. Bxd4 Qxd4+ 33. Qxd4 Rxd4 34. Rxd4 Rxb1+ 35. Kf2 Nc5 36. Rc4 Nd3+ 37. Ke2 Ne5 38. Rc5 Rb2+ 39. Kf1 Rb5 0-1

[Event "Korinthos op 6th"]
[Site "Korinthos"]
[Date "2002.07.27"]
[Round "5"]
[White "Koustas, Anastasios"]
[Black "Babaniotis, Evangelos"]
[Result "1-0"]
[WhiteElo "2252"]
[BlackElo "2074"]
[PlyCount "87"]
[EventDate "2002.07.23"]
[EventType "swiss"]
[EventRounds "9"]
[EventCountry "GRE"]
[SourceTitle "CBM 089 Extra"]
[Source "ChessBase"]
[SourceDate "2002.09.10"]
[SourceVersion "2"]
[SourceVersionDate "2002.09.10"]
[SourceQuality "1"]

1. e4 d5 2. exd5 Qxd5 3. Nc3 Qd6 4. d4 Nf6 5. h3 c6 6. Nf3 Bf5 7. Bd3 Bxd3 8. Qxd3 Nbd7 9. Ne4 Nxe4 10. Qxe4 Nf6 11. Qe2 e6 12. 0-0 Be7 13. Re1 0-0 14. c4 Rfe8 15. Be3 Qc7 16. Rad1 a5 17. a4 Bb4 18. Bd2 Qe7 19. Bc3 h6 20. Qc2 Red8 21. Qb3 Qd6 22. Bxb4 Qxb4 23. Qxb4 axb4 24. b3 Rd6 25. c5 Rdd8 26. Rc1 Nd5 27. Rc4 Ra6 28. g3 b6 29. cxb6 Rxb6 30. Ne5 Rc8 31. Rec1 Nc3 32. Kf1 Rc7 33. Nd3 Nd5 34. Ne5 Nc3 35. a5 Ra6 36. Rxb4 Na2 37. Rb8+ Kh7 38. Rc5 f6 39. Nf3 Rca7 40. b4 Rd7 41. Rc2 e5 42. Rxa2 e4 43. Nd2 Rxd4 44. Ke2 1-0

[Event "Korinthos op 5th"]
[Site "Korinthos"]
[Date "2001.07.29"]
[Round "2"]
[White "Mastrovasilis, Athanasios"]
[Black "Babaniotis, Evangelos"]
[Result "1-0"]
[WhiteElo "2441"]
[BlackElo "2037"]
[PlyCount "83"]
[EventDate "2001.07.28"]
[EventType "swiss"]
[EventRounds "9"]
[EventCountry "GRE"]
[SourceTitle "EXT 2002"]
[Source "ChessBase"]
[SourceDate "2001.11.25"]
[SourceVersion "1"]
[SourceVersionDate "2001.11.25"]
[SourceQuality "1"]

1. c4 c6 2. Nf3 Nf6 3. Nc3 d5 4. e3 Bf5 5. cxd5 Nxd5 6. Qb3 Qb6 7. Qa4 Qb4 8. Qd1 e6 9. Be2 Be7 10. 0-0 0-0 11. a3 Qa5 12. Ra2 Nd7 13. d4 Qc7 14. Bd2 h6 15. b4 N7f6 16. Qb3 a6 17. Rc1 Qd6 18. Na4 Nd7 19. Nc5 Nxc5 20. bxc5 Qc7 21. Ne5 Rfb8 22. Qa4 f6 23. Ba5 Qc8 24. Nc4 e5 25. Bf3 e4 26. Be2 Bd8 27. Rb2 Bc7 28. Rcb1 Ra7 29. Bf1 Bxa5 30. Qxa5 Qd7 31. Nd6 Kf8 32. Bc4 Bg6 33. Bxd5 cxd5 34. Qb6 Raa8 35. c6 bxc6 36. Qxb8+ Rxb8 37. Rxb8+ Ke7 38. R1b7 Kxd6 39. Rxd7+ Kxd7 40. Rb7+ Kd6 41. Rxg7 Be8 42. Ra7 1-0

[Event "Ano Liosia op"]
[Site "Ano Liosia"]
[Date "2000.12.28"]
[Round "2"]
[White "Babaniotis, Evangelos"]
[Black "Zahariev, Zahari"]
[Result "0-1"]
[WhiteElo "2069"]
[BlackElo "2425"]
[PlyCount "56"]
[EventDate "2000.12.27"]
[EventType "swiss"]
[EventRounds "9"]
[EventCountry "GRE"]
[SourceTitle "CBM 079 Extra"]
[Source "ChessBase"]
[SourceDate "2001.01.11"]
[SourceVersion "2"]
[SourceVersionDate "2001.01.25"]
[SourceQuality "1"]

1. d4 c5 2. Nf3 cxd4 3. Nxd4 d5 4. c4 dxc4 5. Qa4+ Bd7 6. Qxc4 e5 7. Nf3 Nc6 8. Nc3 Be7 9. e4 Nf6 10. a3 0-0 11. Bg5 Be6 12. Qa4 Qb6 13. Qb5 Qc7 14. Rc1 a6 15. Qa4 Qb6 16. h4 Ng4 17. Qc2 Nd4 18. Nxd4 Bxg5 19. Nxe6 fxe6 20. Na4 Qxf2+ 21. Qxf2 Nxf2 22. Rc2 Nxh1 23. Bc4 Be3 24. Bxe6+ Kh8 25. Nc3 Nf2 26. Nd5 Bd4 27. Nc7 Rac8 28. Bd5 Nd3+ 0-1

[Event "Bouzakis Memorial-A"]
[Site "Chania"]
[Date "2000.08.28"]
[Round "8"]
[White "Babaniotis, Evangelos"]
[Black "Darmarakis, Mihail"]
[Result "1/2-1/2"]
[WhiteElo "2069"]
[BlackElo "2150"]
[PlyCount "97"]
[EventDate "2000.08.20"]
[EventType "tourn"]
[EventRounds "9"]
[EventCountry "GRE"]
[EventCategory "2"]
[SourceTitle "EXT 2004"]
[Source "ChessBase"]
[SourceDate "2003.11.25"]
[SourceVersion "1"]
[SourceVersionDate "2003.11.25"]
[SourceQuality "1"]

1. d4 Nf6 2. Nf3 c5 3. c3 e6 4. Bf4 Qb6 5. Qb3 Nc6 6. e3 Be7 7. Nbd2 d5 8. Be2 c4 9. Qc2 0-0 10. 0-0 Bd7 11. Rfb1 Qa6 12. b3 cxb3 13. Qd1 Qa5 14. axb3 Qd8 15. b4 Nh5 16. Be5 f6 17. b5 Nxe5 18. Nxe5 fxe5 19. Bxh5 Bd6 20. e4 exd4 21. cxd4 Qf6 22. Bf3 Qxd4 23. exd5 exd5 24. Nf1 Bc5 25. Bxd5+ Kh8 26. Qxd4 Bxd4 27. Ra2 Rae8 28. Ng3 Be6 29. Bxe6 Rxe6 30. Rd1 Bb6 31. Kf1 Re5 32. Rb2 h6 33. Rd7 Rc8 34. Ne2 Rcc5 35. f4 Rxb5 36. fxe5 Rxb2 37. g3 Rb5 38. Nf4 Kg8 39. Ng6 Kh7 40. Nf8+ Kg8 41. Ng6 Rc5 42. e6 Rf5+ 43. Kg2 Rf2+ 44. Kh3 Re2 45. Nf4 Re5 46. Rxb7 g5 47. Rb8+ Kh7 48. Rb7+ Kg8 49. Rb8+ 1/2-1/2

[Event "Bouzakis Memorial-A"]
[Site "Chania"]
[Date "2000.08.22"]
[Round "3"]
[White "Babaniotis, Evangelos"]
[Black "Kapnisis, Spyridon"]
[Result "0-1"]
[WhiteElo "2069"]
[BlackElo "2332"]
[PlyCount "104"]
[EventDate "2000.08.20"]
[EventType "tourn"]
[EventRounds "9"]
[EventCountry "GRE"]
[EventCategory "2"]
[SourceTitle "EXT 2004"]
[Source "ChessBase"]
[SourceDate "2003.11.25"]
[SourceVersion "1"]
[SourceVersionDate "2003.11.25"]
[SourceQuality "1"]

1. c4 e5 2. Nc3 Nf6 3. g3 d5 4. cxd5 Nxd5 5. Bg2 Nb6 6. d3 Be7 7. Nf3 Nc6 8. 0-0 0-0 9. Nd2 f5 10. Nc4 Bf6 11. Nxb6 axb6 12. Nd5 Kh8 13. Bd2 Be6 14. Nxf6 Qxf6 15. a3 f4 16. Bc3 Bg4 17. h3 Bh5 18. g4 Bf7 19. Bf3 b5 20. b4 Ra4 21. Qc1 Rd8 22. Bb2 Qd6 23. Bxc6 bxc6 24. Qc3 Re8 25. e4 Raa8 26. Rad1 Rad8 27. d4 exd4 28. Rxd4 Qxd4 29. Qxd4 Rxd4 30. Bxd4 Rxe4 31. Rd1 Bb3 32. Rd2 Re1+ 33. Kg2 Bd5+ 34. f3 Kg8 35. Kf2 Rh1 36. Kg2 Re1 37. Kf2 Rh1 38. Kg2 Rb1 39. Bb2 Kf7 40. Rf2 g5 41. Be5 c5 42. Bb2 c4 43. Rc2 Rd1 44. Bh8 Rd3 45. Rc3 Bxf3+ 46. Kf2 Bd5 47. Be5 c6 48. h4 Rxc3 49. Bxc3 gxh4 50. Kg1 h3 51. Be5 f3 52. Kf2 c3 0-1

[Event "Bouzakis Memorial-A"]
[Site "Chania"]
[Date "2000.08.21"]
[Round "2"]
[White "Chatzidakis, Mihail"]
[Black "Babaniotis, Evangelos"]
[Result "1-0"]
[WhiteElo "2201"]
[BlackElo "2069"]
[PlyCount "115"]
[EventDate "2000.08.20"]
[EventType "tourn"]
[EventRounds "9"]
[EventCountry "GRE"]
[EventCategory "2"]
[SourceTitle "EXT 2004"]
[Source "ChessBase"]
[SourceDate "2003.11.25"]
[SourceVersion "1"]
[SourceVersionDate "2003.11.25"]
[SourceQuality "1"]

1. e4 d5 2. exd5 Qxd5 3. Nc3 Qd6 4. d4 Nf6 5. Nf3 Bf5 6. Ne5 c6 7. g4 Bg6 8. Bf4 Nd5 9. Qd2 Nxf4 10. Qxf4 Nd7 11. 0-0-0 0-0-0 12. Nxg6 Qxg6 13. d5 e5 14. dxe6 fxe6 15. Bc4 e5 16. Qe4 Qg5+ 17. Kb1 Bb4 18. Ba6 Nc5 19. Bxb7+ Nxb7 20. Qxb4 Qf4 21. Qxf4 exf4 22. Ne4 h5 23. g5 f3 24. Rde1 Rhf8 25. c3 Rf4 26. Kc2 Rd5 27. Re3 Kc7 28. h4 Nd6 29. Nxd6 Kxd6 30. Rh3 Rdf5 31. Kd3 Rd5+ 32. Kc2 Rdf5 33. b3 Rf7 34. Kd3 R7f5 35. Re4 Rg4 36. Ke3 Rg1 37. Rd4+ Ke5 38. Re4+ Kd6 39. Rd4+ Ke5 40. Rxf3 Re1+ 41. Kd2 Rxf3 42. Kxe1 Rxc3 43. Ra4 Rh3 44. Rxa7 Rxh4 45. Rxg7 c5 46. Rc7 Kd6 47. Rh7 Rh1+ 48. Ke2 Ra1 49. Ra7 h4 50. Kf3 h3 51. Rh7 Rxa2 52. Rxh3 Ke6 53. Rg3 Kf7 54. Ke4 Kg6 55. f4 Rd2 56. f5+ Kg7 57. Rd3 Rc2 58. Rd7+ 1-0

[Event "Chalkida op 4th"]
[Site "Chalkida"]
[Date "2000.08.17"]
[Round "8"]
[White "Balaskas, Panayotis"]
[Black "Babaniotis, Evangelos"]
[Result "1-0"]
[WhiteElo "2203"]
[BlackElo "2069"]
[PlyCount "87"]
[EventDate "2000.08.11"]
[EventType "swiss"]
[EventRounds "9"]
[EventCountry "GRE"]
[SourceTitle "EXT 2001"]
[Source "ChessBase"]
[SourceDate "2000.11.22"]
[SourceVersion "1"]
[SourceVersionDate "2000.11.22"]
[SourceQuality "1"]

1. e4 d5 2. exd5 Qxd5 3. Nc3 Qd6 4. d4 Nf6 5. Nf3 Bf5 6. Nb5 Qb6 7. c4 c6 8. c5 Qd8 9. Nc3 e6 10. Qb3 b6 11. Bf4 Nbd7 12. Qa4 bxc5 13. Qxc6 Rc8 14. Qa4 cxd4 15. Nxd4 Qb6 16. Bb5 Bc5 17. Bxd7+ Nxd7 18. Nxf5 Bxf2+ 19. Kf1 exf5 20. Rd1 0-0 21. Nd5 Qxb2 22. Rd2 Qc1+ 23. Kxf2 Qxh1 24. Qxd7 Rc1 25. Ne7+ Kh8 26. Nxf5 Qe1+ 27. Kf3 Qe6 28. Ne3 a6 29. Qxe6 fxe6 30. Ke4 Rc6 31. Rd7 Kg8 32. Bd6 Rf2 33. Rd8+ Kf7 34. Rf8+ Kg6 35. Rxf2 Rxd6 36. Nc4 Rd1 37. Ne5+ Kg5 38. Rf3 Rd2 39. h4+ Kh5 40. Ra3 Re2+ 41. Kf4 Rf2+ 42. Ke3 Rf5 43. Nf3 h6 44. Rxa6 1-0

[Event "Chalkida op 4th"]
[Site "Chalkida"]
[Date "2000.08.13"]
[Round "4"]
[White "Babaniotis, Evangelos"]
[Black "Kofidis, Andreas"]
[Result "0-1"]
[WhiteElo "2069"]
[BlackElo "2415"]
[PlyCount "86"]
[EventDate "2000.08.11"]
[EventType "swiss"]
[EventRounds "9"]
[EventCountry "GRE"]
[SourceTitle "EXT 2001"]
[Source "ChessBase"]
[SourceDate "2000.11.22"]
[SourceVersion "1"]
[SourceVersionDate "2000.11.22"]
[SourceQuality "1"]

1. c4 Nf6 2. Nf3 g6 3. b3 Bg7 4. Bb2 0-0 5. g3 d6 6. d4 Bg4 7. Bg2 Qc8 8. 0-0 Bh3 9. Nbd2 Bxg2 10. Kxg2 Nbd7 11. e4 c6 12. Re1 Ne8 13. Nf1 Nc7 14. Qe2 e5 15. dxe5 dxe5 16. b4 a5 17. b5 Ne6 18. a4 Nd4 19. Nxd4 exd4 20. Rad1 c5 21. f4 Nb6 22. Qc2 Qe6 23. Rc1 d3 24. Qb3 Bxb2 25. Qxb2 Nxa4 26. Qa3 Rfd8 27. Nd2 Nb6 28. Re3 Qe7 29. Kf3 a4 30. e5 Rd4 31. Rc3 Rad8 32. Rc1 h5 33. Rc3 Kg7 34. h4 Qe6 35. Kg2 Nxc4 36. Nxc4 d2 37. Nb2 Qd5+ 38. Rf3 d1Q 39. Nxd1 Rxd1 40. Qxc5 Rd2+ 41. Kg1 Qa2 42. Rce3 Rg2+ 43. Kf1 Rd1+ 0-1

[Event "Chania op"]
[Site "Chania"]
[Date "1999.08.25"]
[Round "6"]
[White "Ilandzis, Spyridon"]
[Black "Babaniotis, Evangelos"]
[Result "1-0"]
[WhiteElo "2245"]
[BlackElo "2105"]
[PlyCount "95"]
[EventDate "1999.08.20"]
[EventType "swiss"]
[EventRounds "9"]
[EventCountry "GRE"]
[SourceTitle "EXT 2007"]
[Source "ChessBase"]
[SourceDate "2006.11.23"]
[SourceVersion "1"]
[SourceVersionDate "2006.11.23"]
[SourceQuality "1"]

1. e4 d5 2. exd5 Qxd5 3. Nc3 Qd6 4. d4 Nf6 5. Bc4 c6 6. Nf3 Bg4 7. Be3 e6 8. h3 Bh5 9. g4 Bg6 10. Ne5 Nbd7 11. Nxg6 hxg6 12. Qf3 Qc7 13. 0-0-0 Nb6 14. Bd3 0-0-0 15. h4 Nbd5 16. Nxd5 Nxd5 17. h5 gxh5 18. gxh5 Qa5 19. Kb1 Nb4 20. Bc4 Rd7 21. Rdg1 Nd5 22. Bb3 Qd8 23. Bg5 f6 24. Bc1 Bd6 25. Rg6 Nc7 26. Qg4 Qe7 27. Rg1 Rh7 28. c3 Qf7 29. Qe2 Bf8 30. f4 Qe8 31. Re1 Re7 32. Qg4 b6 33. Bd2 Kb7 34. c4 Qd7 35. Bc3 c5 36. Qf3+ Qc6 37. d5 exd5 38. Rxe7 Bxe7 39. cxd5 Qd6 40. Be5 Qd7 41. d6+ Kc8 42. dxc7 Bd6 43. Qa8+ Kxc7 44. Qxa7+ Kd8 45. Qxd7+ Kxd7 46. Bxd6 Kxd6 47. h6 gxh6 48. Rxf6+ 1-0

[Event "Korinthos op 3rd"]
[Site "Korinthos"]
[Date "1999.07.30"]
[Round "7"]
[White "Nikolaidis, Konstantinos"]
[Black "Babaniotis, Evangelos"]
[Result "1-0"]
[WhiteElo "2383"]
[BlackElo "2105"]
[PlyCount "71"]
[EventDate "1999.07.27"]
[EventType "swiss"]
[EventRounds "9"]
[EventCountry "GRE"]
[SourceTitle "EXT 2000"]
[Source "ChessBase"]
[SourceDate "1999.11.16"]
[SourceVersion "1"]
[SourceVersionDate "1999.11.16"]
[SourceQuality "1"]

1. e4 d5 2. exd5 Qxd5 3. Nc3 Qd6 4. d4 Nf6 5. Nf3 Bg4 6. h3 Bh5 7. g4 Bg6 8. Ne5 c6 9. Bg2 Nbd7 10. f4 e6 11. h4 h6 12. Nxg6 fxg6 13. Ne4 Nxe4 14. Bxe4 0-0-0 15. c3 Be7 16. Bxg6 e5 17. Bf5 exf4 18. h5 Bh4+ 19. Kf1 Bg3 20. Kg2 Rde8 21. Qf3 Re7 22. Rf1 Rhe8 23. Bxf4 Bxf4 24. Qxf4 Re2+ 25. Kg1 Qxf4 26. Rxf4 Rxb2 27. Rf2 Ree2 28. Rxe2 Rxe2 29. Rf1 Rxa2 30. Bxd7+ Kxd7 31. Rf7+ Ke8 32. Rxb7 a5 33. Rxg7 a4 34. g5 a3 35. gxh6 Kf8 36. Rg5 1-0

[Event "Ambelokipi op 19th"]
[Site "Athens"]
[Date "1999.??.??"]
[Round "4"]
[White "Babaniotis, Evangelos"]
[Black "Agouras, Ioannis"]
[Result "0-1"]
[WhiteElo "2110"]
[BlackElo "1730"]
[PlyCount "170"]
[EventDate "1999.??.??"]
[EventType "swiss"]
[EventRounds "7"]
[EventCountry "GRE"]
[SourceTitle "EXT 2004"]
[Source "ChessBase"]
[SourceDate "2003.11.25"]
[SourceVersion "1"]
[SourceVersionDate "2003.11.25"]
[SourceQuality "1"]

1. c4 Nf6 2. Nf3 g6 3. g3 Bg7 4. Bg2 d5 5. cxd5 Nxd5 6. Nc3 Nxc3 7. bxc3 0-0 8. 0-0 c5 9. a4 Qc7 10. Qc2 Nc6 11. Ba3 b6 12. d4 Na5 13. dxc5 bxc5 14. Nd4 Rb8 15. Nb5 Qe5 16. Nxa7 Qxc3 17. Qxc3 Bxc3 18. Rab1 Bb4 19. Nxc8 Rfxc8 20. Bc1 c4 21. Bh3 Rd8 22. Bf4 Bd6 23. Bd2 Nb3 24. Bc3 Bb4 25. Be5 Ra8 26. Bc7 Rd2 27. Bf4 Rxe2 28. Bg4 Ra2 29. Bd7 Bd6 30. Be3 Ra3 31. Bc1 Nxc1 32. Rbxc1 c3 33. Rc2 Ra7 34. Bb5 Rc7 35. Rb1 Rc5 36. Rd1 Rb3 37. Re1 Rb2 38. Ree2 Rxc2 39. Rxc2 Bc7 40. Kf1 Ba5 41. Ke2 Rd5 42. f4 e6 43. Bd3 Kf8 44. Ra2 Ke7 45. Ra1 Kd6 46. Rd1 Kc7 47. Bb5 Kd6 48. Rxd5+ exd5 49. Kd3 Kc5 50. f5 Kb4 51. Kc2 d4 52. g4 Kc5 53. Be8 gxf5 54. gxf5 f6 55. Bb5 Kd5 56. Kd3 Ke5 57. Bd7 Kf4 58. Be6 h5 59. Bb3 Kxf5 60. Kxd4 Kf4 61. Kd3 h4 62. Bd1 Ke5 63. Ke3 Kd5 64. Kd3 f5 65. h3 Ke5 66. Ke3 Bb6+ 67. Kf3 Bc7 68. Bc2 f4 69. Ke2 Kd4 70. Bb3 Kc5 71. Kd3 Kb4 72. Bd1 Bb6 73. Ke4 Be3 74. Kf3 Kc4 75. Bc2 Kb4 76. Kg4 Ka3 77. Kxh4 Kb2 78. Be4 f3 79. Kg3 f2 80. Kg2 c2 81. Bxc2 Kxc2 82. Kf1 Kd3 83. a5 Ke4 84. Kg2 Kf4 85. a6 Kg5 0-1

[Event "Ambelokipi op 19th"]
[Site "Athens"]
[Date "1999.??.??"]
[Round "6"]
[White "Babaniotis, Evangelos"]
[Black "Koukoufikis, Ioannis"]
[Result "1-0"]
[WhiteElo "2110"]
[BlackElo "1760"]
[PlyCount "63"]
[EventDate "1999.??.??"]
[EventType "swiss"]
[EventRounds "7"]
[EventCountry "GRE"]
[SourceTitle "EXT 2004"]
[Source "ChessBase"]
[SourceDate "2003.11.25"]
[SourceVersion "1"]
[SourceVersionDate "2003.11.25"]
[SourceQuality "1"]

1. c4 Nf6 2. Nc3 g6 3. g3 Bg7 4. Bg2 c5 5. Nf3 0-0 6. d4 cxd4 7. Nxd4 Nc6 8. 0-0 Qb6 9. Be3 Qa5 10. Nb3 Qh5 11. h4 Ng4 12. Qc1 Nxe3 13. Qxe3 Qe5 14. Qxe5 Nxe5 15. Rac1 Rb8 16. Rc2 d6 17. c5 dxc5 18. Nxc5 b6 19. N5e4 Bb7 20. Rfc1 h6 21. b3 f5 22. Nd2 Bxg2 23. Kxg2 Rfc8 24. Nd5 Rxc2 25. Rxc2 Rb7 26. h5 gxh5 27. Nf4 h4 28. gxh4 Ng4 29. Ne6 Bf6 30. Rc8+ Kh7 31. h5 Rd7 32. Nf8+ 1-0

[Event "Ambelokipi op 19th"]
[Site "Athens"]
[Date "1999.??.??"]
[Round "2"]
[White "Babaniotis, Evangelos"]
[Black "Pipiliotis, Alexandros"]
[Result "1/2-1/2"]
[WhiteElo "2110"]
[BlackElo "1795"]
[PlyCount "108"]
[EventDate "1999.??.??"]
[EventType "swiss"]
[EventRounds "7"]
[EventCountry "GRE"]
[SourceTitle "EXT 2004"]
[Source "ChessBase"]
[SourceDate "2003.11.25"]
[SourceVersion "1"]
[SourceVersionDate "2003.11.25"]
[SourceQuality "1"]

1. Nf3 Nf6 2. g3 g6 3. b3 Bg7 4. Bb2 0-0 5. Bg2 d5 6. 0-0 c6 7. d3 Nbd7 8. Nbd2 Re8 9. d4 e5 10. Nxe5 Nxe5 11. dxe5 Ng4 12. e4 dxe4 13. Nxe4 Nxe5 14. Qxd8 Rxd8 15. Rad1 Bf5 16. c4 Bxe4 17. Bxe4 Nf3+ 18. Bxf3 Bxb2 19. b4 Bf6 20. b5 cxb5 21. cxb5 Rab8 22. Rxd8+ Rxd8 23. Bxb7 Rd2 24. a4 Ra2 25. Bc6 Bd4 26. Kg2 Bb6 27. g4 Rxa4 28. f3 Ra2+ 29. Kh1 Re2 30. Rd1 h6 31. Rd7 Kf8 32. h4 Re7 33. Rd2 Ba5 34. Rd6 Bc7 35. Rd5 Re5 36. Rd2 Ba5 37. Rd7 Re7 38. Rd5 Bc7 39. Kg2 Re2+ 40. Kf1 Re5 41. Rd2 Re7 42. Kg2 Kg7 43. Rd5 Re2+ 44. Kf1 Re7 45. Kf2 Kf8 46. h5 Kg7 47. hxg6 fxg6 48. Kg2 Re2+ 49. Kf1 Re7 50. Rd3 Kf6 51. Be4 Re6 52. Rd7 Bb6 53. Bd5 Re7 54. Rxe7 Kxe7 1/2-1/2

[Event "Ikaros 1st"]
[Site "Ikaros"]
[Date "1997.??.??"]
[Round "?"]
[White "Babaniotis, Evangelos"]
[Black "Nikolaidis, Konstantinos"]
[Result "0-1"]
[WhiteElo "2200"]
[BlackElo "2340"]
[PlyCount "60"]
[EventDate "1997.??.??"]
[EventType "tourn"]
[EventRounds "13"]
[EventCountry "GRE"]
[EventCategory "2"]
[SourceTitle "EXT 2003"]
[Source "ChessBase"]
[SourceDate "2002.11.25"]
[SourceVersion "1"]
[SourceVersionDate "2002.11.25"]
[SourceQuality "1"]

1. c4 g6 2. Nc3 Bg7 3. g3 c5 4. Bg2 Nc6 5. Nf3 d6 6. 0-0 Nf6 7. d4 cxd4 8. Nxd4 Bd7 9. Rb1 0-0 10. Nxc6 bxc6 11. a3 Rb8 12. b4 Ng4 13. Qc2 Qc8 14. Bg5 Re8 15. Rfc1 Qa6 16. Qb3 h6 17. Bd2 Bf5 18. e4 Be6 19. Nd1 Bd4 20. Qd3 Bg7 21. f4 d5 22. exd5 cxd5 23. Bxd5 Bf5 24. Be4 Red8 25. Qe2 Bxe4 26. Be1 Bd4+ 27. Kf1 Bxb1 28. Qxg4 Bd3+ 29. Kg2 Qb7+ 30. Qf3 Bf1+ 0-1

[Event "Ikaros op"]
[Site "Athens"]
[Date "1997.??.??"]
[Round "5"]
[White "Babaniotis, Evangelos"]
[Black "Pantelidis, Michael"]
[Result "0-1"]
[WhiteElo "1895"]
[BlackElo "1760"]
[PlyCount "46"]
[EventDate "1997.??.??"]
[EventType "swiss"]
[EventRounds "7"]
[EventCountry "GRE"]
[SourceTitle "EXT 2004"]
[Source "ChessBase"]
[SourceDate "2003.11.25"]
[SourceVersion "1"]
[SourceVersionDate "2003.11.25"]
[SourceQuality "1"]

1. c4 Nf6 2. Nc3 e6 3. d4 d5 4. Nf3 c5 5. g3 cxd4 6. Nxd4 e5 7. Nf3 d4 8. Nxe5 dxc3 9. Qxd8+ Kxd8 10. Nxf7+ Ke8 11. Nxh8 Bb4 12. Kd1 Ne4 13. Rg1 Nxf2+ 14. Kc2 Bf5+ 15. Kb3 Nc6 16. bxc3 Bc5 17. e3 Na5+ 18. Ka4 Bd7+ 19. Kxa5 b6+ 20. Ka6 Bc8+ 21. Kb5 a5 22. Bg2 Bd7+ 23. Bc6 a4 0-1

[Event "Ikaros 1st"]
[Site "Ikaros"]
[Date "1997.??.??"]
[Round "?"]
[White "Babaniotis, Evangelos"]
[Black "Papastavropoulos, Andreas"]
[Result "0-1"]
[WhiteElo "2200"]
[BlackElo "2305"]
[PlyCount "52"]
[EventDate "1997.??.??"]
[EventType "tourn"]
[EventRounds "13"]
[EventCountry "GRE"]
[EventCategory "2"]
[SourceTitle "EXT 2003"]
[Source "ChessBase"]
[SourceDate "2002.11.25"]
[SourceVersion "1"]
[SourceVersionDate "2002.11.25"]
[SourceQuality "1"]

1. c4 e5 2. Nc3 f5 3. g3 Nf6 4. Bg2 c6 5. d3 Bb4 6. Bg5 h6 7. Bd2 0-0 8. Qb3 Na6 9. 0-0-0 d6 10. Kb1 Be6 11. Nd5 Bxd2 12. Nxf6+ Qxf6 13. Rxd2 Nc5 14. Qc3 a5 15. h4 Qf7 16. b3 f4 17. Nh3 fxg3 18. fxg3 Qg6 19. e3 Qxg3 20. d4 Bf5+ 21. Kb2 Ne4 22. Bxe4 Bxe4 23. Rhh2 Rf1 24. Ka3 b5 25. Qb2 b4+ 26. Ka4 c5 0-1

[Event "Korinthos op 1st"]
[Site "Korinthos"]
[Date "1997.??.??"]
[Round "5"]
[White "Botsari, Anna Maria"]
[Black "Babaniotis, Evangelos"]
[Result "1-0"]
[WhiteElo "2330"]
[BlackElo "2200"]
[PlyCount "45"]
[EventDate "1997.07.??"]
[EventType "swiss"]
[EventRounds "9"]
[EventCountry "GRE"]
[SourceTitle "EXT 2001"]
[Source "ChessBase"]
[SourceDate "2000.11.22"]
[SourceVersion "1"]
[SourceVersionDate "2000.11.22"]
[SourceQuality "1"]

1. d4 d5 2. c4 dxc4 3. Nf3 Nf6 4. e3 c5 5. Bxc4 Nc6 6. 0-0 cxd4 7. exd4 Bg4 8. d5 Na5 9. Bb5+ Bd7 10. Qa4 b6 11. Ne5 a6 12. Nxd7 Nxd7 13. Be2 b5 14. Qf4 Qb8 15. Qh4 Qe5 16. Bf3 Rc8 17. Nc3 g6 18. Bf4 Qf5 19. Bg4 Qc2 20. Rac1 g5 21. Qh3 f5 22. Bh5+ Kd8 23. Rxc2 1-0